Fault tolerant and fault testable hardware design (Record no. 164958)

MARC details
000 -LEADER
fixed length control field 00343nam a2200133Ia 4500
008 - FIXED-LENGTH DATA ELEMENTS--GENERAL INFORMATION
fixed length control field 231217s9999 xx 000 0 und d
041 ## - LANGUAGE CODE
Language code of text/sound track or separate title English
082 ## - DEWEY DECIMAL CLASSIFICATION NUMBER
Classification number 621.381952 LAL;1
100 ## - MAIN ENTRY--PERSONAL NAME
Personal name Lala, Parag K
245 #0 - TITLE STATEMENT
Title Fault tolerant and fault testable hardware design
260 ## - PUBLICATION, DISTRIBUTION, ETC.
Date of publication, distribution, etc. NULL
Name of publisher, distributor, etc. PHI
650 ## - SUBJECT ADDED ENTRY--TOPICAL TERM
Topical term or geographic name entry element Hardware,computer
942 ## - ADDED ENTRY ELEMENTS (KOHA)
Koha item type Books
Holdings
Date last seen Total checkouts Full call number Accession number Price effective from Category Public note Lost status Damaged status Department Withdrawn status Home library Current library Entry date Grants Billdate Currency symbol Conversion rate Discount Old discount
26/01/2024   621.381952 LAL;1 10041 26/01/2024 Books Xerox copy     Central Library   Central Library Central Library 28/06/1997 EC 07/12/1999 RS 1   15
26/01/2024   621.381952 LAL;2 10042 26/01/2024 Books Xerox copy     Central Library   Central Library Central Library 28/06/1997 EC 07/12/1999 RS 1   15

© For any Suggestions or Query, please contact the library staff @ librarian@pes.edu or Phone: +9180 2672 1983/ 2108.